000 01035nam a2200289 4500
999 _c13703
_d13703
003 MIRAKIL
005 20200114161713.0
008 200114b tu ||||| |||| 00| 0 tur d
020 _a9944983128
040 _aTR-AnCHP
_cTR-AnCHP
041 _atur
082 _a339
_bT62z 2006
100 _aToffler, Alvin
245 1 0 _aZenginlik devrimi:
_bnasıl yaratılacak ve hayatınızı nasıl değiştirecek/
_cAlvin Toflfler, Heidi Toffler ; çeviren Selim Yeniçeri.
246 _anasıl yaratılacak ve hayatınızı nasıl değiştirecek
260 _aİstanbul:
_bKoridor yayıncılık,
_c2006.
300 _a575 s.:
_c23 sm.
490 0 _aKoridor yayıncılık;
_v35.
500 _aÖzgün yapıt adı: Revolutionary wealth.
504 _aKaynakça vardır.
650 0 _95840
_aEkonomik kalkınma
650 0 _96200
_aZenginlik
_xEkonomik tahminler
700 1 _91614
_aToffler, Heidi
700 _96201
_aYeniçeri, Selim
_eçev.
740 _anasıl yaratılacak ve hayatınızı nasıl değiştirecek
942 _2ddc
_cBKS